000 00695pam a2200253 a 4500
999 _c528426
_d528426
001 4223751
003 NUST
005 20190912060736.0
008 820624s1982 nyua b 001 0 eng
010 _a 82012343
038 _ams
040 _aDLC
_cDLC
_dDLC
050 0 0 _aQC760
_b.E43 1982
082 0 0 _a0
_219
100 _aI.S.Grant
_920218
245 0 0 _aElectromagnetism :
_cI.S.Grant
260 _aNew York :
_bPlenum,
_cc1975.
300 _ax, 514 p. :
_bill. ;
_c26 cm.
504 _aIncludes bibliographies and index.
650 0 _aElectromagnetism.
_920219
700 1 _aTeplitz, Doris,
_d1935-
_920220
906 _a7
_bcbc
_corignew
_d1
_eocip
_f19
_gy-gencatlg
942 _2ddc
_cBK